[Event "Skopje Karposh op"]
[Site "Skopje"]
[Date "2013.03.12"]
[Round "5"]
[White "Zozulia, Anna"]
[Black "Nisic, Miroslav"]
[Result "1-0"]
[WhiteElo "2336"]
[BlackElo "2079"]
[PlyCount "86"]
[EventDate "2013.03.09"]
[EventType "swiss"]
[EventRounds "9"]
[EventCountry "MKD"]
[SourceTitle "CBM 153 Extra"]
[Source "ChessBase"]
[SourceDate "2013.04.22"]
[SourceVersion "1"]
[SourceVersionDate "2013.04.22"]
[SourceQuality "1"]

1. e4 c6 2. d4 d5 3. Nc3 dxe4 4. Nxe4 Nf6 5. Nxf6+ gxf6 6. Nf3 Bg4 7. Be3 e6 8. Be2 Bd6 9. Qd2 Nd7 10. Bf4 Qc7 11. Bxd6 Qxd6 12. h3 Bh5 13. 0-0-0 Nb6 14. Kb1 Bxf3 15. Bxf3 0-0-0 16. Qa5 Kb8 17. Rd3 Nc4 18. Qc3 Nb6 19. Rhd1 Rhg8 20. h4 Qh2 21. h5 Rg5 22. Qe1 Qf4 23. g3 Qd6 24. Qe2 h6 25. Rb3 f5 26. c4 Qc7 27. Qc2 f4 28. g4 e5 29. c5 Nd5 30. Qh7 exd4 31. Qxh6 Qe7 32. Qxc6 Rc8 33. Qd6+ Qxd6 34. cxd6 Rd8 35. Rxd4 Nb6 36. Rxf4 Rd7 37. a3 Nc8 38. Bc6 Rxd6 39. Rxb7+ Ka8 40. Rb5+ Rxc6 41. Rxg5 f6 42. Rg8 Kb7 43. h6 Re6 1-0